Jurisprudencia Penal generada en el subsistema anticorrupcin̤ (Corrupcin̤ gubernamental) Tomo II

Detalles Bibliográficos
Autor principal: Barandiarǹ Dempwolf, Roberto
Otros Autores: Nolasco Valenzuela, Jos ̌Antonio
Formato: eBook
Lenguaje:español
Publicado: Lima : Palestra Editores, 2006
Materias:
Acceso en línea:Acceso restringido

MARC

LEADER 00000nam a22000007a 4500
005 20120426142718.0
007 cr|||| ||||
008 120426s2006 pe |||||s|||| 00||0 spa d
020 |a 9972-224-25-2 
035 |a 6476 
040 |a vLex 
090 |c 3148  |d 3148 
100 1 |a Barandiarǹ Dempwolf, Roberto 
245 1 0 |a Jurisprudencia Penal generada en el subsistema anticorrupcin̤ (Corrupcin̤ gubernamental)  |h [Recurso electrn̤ico] /  |c Roberto Barandiarǹ Dempwolf, Jos ̌Antonio Nolasco Valenzuela   |n Tomo II 
256 |a Servicio en ln̕ea 
260 |a Lima :  |b Palestra Editores,  |c 2006 
300 |a 1 recurso electrn̤ico 
506 1 |a Contenido solo disponible en los productos indicados  |d vLex Global   |d vLex Global (Academic Edition, excluding Law Schools)   |d vLex Global (U.S. Academic Edition, Law Schools)   |d vLex Global (U.S. Academic Edition, excluding Law Schools)   |d vLex Global (Academic Edition, Law Schools)  
650 0 4 |a Jurisprudencia  |z Per︢ 
650 0 4 |a Corrupcin̤ polt̕ica  |z Per︢ 
700 1 |a  Nolasco Valenzuela, Jos ̌Antonio 
740 0 |a vLex Libros (Servicio en ln̕ea) 
856 4 0 |u http://vlex.com/source/jurisprudencia-penal-subsistema-anticorrupcion-tomo-ii-6476  |z Acceso restringido 
942 |c BOOK 
999 0 |a Political corruption 
999 0 |a Jurisprudence